| 000 | 01200pam a2200277 a 4500 | ||
|---|---|---|---|
| 999 |
_c2405 _d2405 |
||
| 003 | OSt | ||
| 005 | 20220404082621.0 | ||
| 008 | 931108s1994 mouaf b 001 0 eng c | ||
| 020 | _a0801665906 | ||
| 040 | _cALUPE UNIVERSITY | ||
| 050 | 0 | 0 |
_aRK521 _b.G73 1994 |
| 060 | 0 | 0 | _aWU 400 O776 1994 |
| 245 | 0 | 0 |
_aOrthodontics : _bcurrent principles and techniques / _c[edited by] Thomas M. Graber, Robert L. Vanarsdall, Jr. |
| 250 | _a2nd ed. | ||
| 260 |
_aSt. Louis : _bMosby, _cc1994. |
||
| 300 |
_axii, 965 p., [2] p. of plates : _bill. (some col.) ; _c29 cm. |
||
| 500 | _a"This is actually the fourth version of our graduate text. Starting in 1969 the first two texts were published by W.B. Saunders. The next version by Graber and Swain was published by Mosby-Year Book"--Pref. | ||
| 504 | _aIncludes bibliographical references and index. | ||
| 650 | 0 | _aOrthodontics. | |
| 650 | 2 | _aOrthodontics. | |
| 700 | 1 |
_aGraber, T. M. _q(Thomas M.), _d1917-2007. |
|
| 700 | 1 | _aVanarsdall, Robert L. | |
| 906 |
_a7 _bcbc _corignew _d1 _eocip _f19 _gy-gencatlg |
||
| 942 |
_2lcc _cBK _nPW |
||